The year in fashion collection. Volume 1998.

A fashion year of firsts. American designers Michael Kors and Marc Jacobs take the helm of the venerable French houses of Celine and Louis Vuitton. Julien Macdonald launches his first signature collection in London and eccentric beauty Erin O’Conner is 1998’s fashion “it girl”. Celebrity designer St...

Full description

Bibliographic Details
Corporate Author: Kanopy (Firm)
Format: Video
Language:English
Published: [San Francisco, California, USA] : Kanopy Streaming, 2014.
Subjects:
Online Access:Connect to this streaming video

MARC

Tag First Indicator Second Indicator Subfields
LEADER 00000cgm a22000001i 4500
001 in00003585607
006 m o c
007 vz uzazuu
007 cr una---unuuu
008 141115p20142006cau048 o vleng d
005 20260324165823.2
028 5 2 |a 1090675  |b Kanopy 
035 |a (OCoLC)900276358 
035 |a (CaSfKAN)kan1090675 
040 |a UtOrBLW  |b eng  |e rda  |c UtOrBLW  |d UtOrBLW 
245 0 4 |a The year in fashion collection.  |n Volume 1998. 
264 1 |a [San Francisco, California, USA] :  |b Kanopy Streaming,  |c 2014. 
300 |a 1 online resource (1 video file, approximately 49 min.) :  |b digital, .flv file, sound 
336 |a two-dimensional moving image  |b tdi  |2 rdacontent 
337 |a computer  |b c  |2 rdamedia 
338 |a online resource  |b cr  |2 rdacarrier 
344 |a digital 
347 |a video file  |b MPEG-4  |b Flash 
500 |a Title from title frames. 
518 |a Originally produced by Videofashion in 2006. 
520 |a A fashion year of firsts. American designers Michael Kors and Marc Jacobs take the helm of the venerable French houses of Celine and Louis Vuitton. Julien Macdonald launches his first signature collection in London and eccentric beauty Erin O’Conner is 1998’s fashion “it girl”. Celebrity designer Stella McCartney begins her career at Chloe, and Donatella takes the reins at Versace, while the New York Met exhibits a retrospective of her brother, Gianni. Plus, more outrageous looks from Alexander McQueen, Hussein Chalayan, Jeremy Scott and hat-master Philip Treacy. In New York, three decades of style at Ralph Lauren and fashion classics at Calvin Klein, Gucci and DKNY. 
538 |a Mode of access: World Wide Web. 
650 0 |a Fashion designers  |y 1998. 
650 0 |a Documentary films.  |0 http://id.loc.gov/authorities/subjects/sh85088115 
650 0 |a Fashion.  |0 http://id.loc.gov/authorities/subjects/sh85047377 
655 7 |a Internet videos.  |2 lcgft  |0 http://id.loc.gov/authorities/genreForms/gf2011026337 
655 7 |a Nonfiction films.  |2 lcgft  |0 http://id.loc.gov/authorities/genreForms/gf2011026423 
655 7 |a Documentary films.  |2 lcgft  |0 http://id.loc.gov/authorities/genreForms/gf2011026205 
710 2 |a Kanopy (Firm)  |0 http://id.loc.gov/authorities/names/no2014091415 
856 4 0 |u http://proxy.library.tamu.edu/login?url=https://texasam.kanopystreaming.com/node/90676  |z Connect to this streaming video  |t 0 
999 f f |s 5f6b1259-bd32-3bfb-a1bf-153202200151  |i 9dba1b17-f07c-3ec1-98a6-961f3110cb38  |t 0 
952 f f |a Texas A&M University  |b College Station  |c Electronic Resources  |s www_evans  |d Available Online  |t 0  |h No information provided 
998 f f |t 0  |l Available Online